[Event "FICGS rapid B 000190 email"]
[Site "FICGS email"]
[Date "2011.12.01"]
[Round "1"]
[White "Kuge, Thomas A"]
[Black "Panov, Dmitry"]
[Result "0-1"]
[WhiteElo "1777"]
[BlackElo "2037"]
[PlyCount "50"]
[EventDate "2011.??.??"]
[EventType "tourn (rapid)"]
[EventRounds "1"]
[SourceTitle "Corr 2013"]
[Source "ChessBase"]
[SourceDate "2012.11.12"]
[SourceVersion "1"]
[SourceVersionDate "2012.11.12"]
[SourceQuality "1"]

1. e4 e5 2. Nf3 Nc6 3. d4 exd4 4. Bc4 Nf6 5. 0-0 Nxe4 6. Re1 d5 7. Bxd5 Qxd5 8. Nc3 Qa5 9. Nxe4 Be6 10. Bg5 h6 11. Bh4 Bb4 12. Nxd4 Bxe1 13. Nxe6 fxe6 14. c3 Bxc3 15. bxc3 0-0 16. Qe2 Rf5 17. g4 Qb5 18. Qe3 Rf7 19. g5 Ne5 20. Bg3 Nf3+ 21. Kg2 hxg5 22. Rd1 Raf8 23. Nc5 Nh4+ 24. Kh3 b6 25. Qxg5 Nf3 0-1

[Event "FICGS class A 000103 email"]
[Site "FICGS email"]
[Date "2011.08.11"]
[Round "1"]
[White "Groves, Donald"]
[Black "Panov, Dmitry"]
[Result "1/2-1/2"]
[WhiteElo "2058"]
[BlackElo "2055"]
[PlyCount "73"]
[EventDate "2011.??.??"]
[EventType "tourn (corr)"]
[EventRounds "1"]
[SourceTitle "Corr 2013"]
[Source "ChessBase"]
[SourceDate "2012.11.12"]
[SourceVersion "1"]
[SourceVersionDate "2012.11.12"]
[SourceQuality "1"]

1. e4 e5 2. Nf3 Nc6 3. Bb5 a6 4. Ba4 Nf6 5. 0-0 Be7 6. Re1 b5 7. Bb3 d6 8. c3 0-0 9. d4 Bg4 10. Be3 exd4 11. cxd4 Na5 12. Bc2 c5 13. h3 Bh5 14. dxc5 dxc5 15. Nc3 Nc4 16. e5 Nxe5 17. g4 Nxf3+ 18. Qxf3 Bg6 19. Bxg6 hxg6 20. Rad1 Qc8 21. g5 Nh5 22. Nd5 Bd8 23. b3 Re8 24. h4 Kh7 25. Rc1 c4 26. Red1 Re5 27. bxc4 bxc4 28. Rd4 Rb8 29. Rdxc4 Qe6 30. Nf4 Nxf4 31. Rxf4 Bb6 32. Bxb6 Rxb6 33. Kg2 Rb2 34. Rc6 Qxa2 35. Rxf7 Rxf2+ 36. Qxf2 Re2 37. Rxg7+ 1/2-1/2

[Event "FICGS rapid A 000112 email"]
[Site "FICGS email"]
[Date "2011.08.09"]
[Round "1"]
[White "Martinez, Chapo"]
[Black "Panov, Dmitry"]
[Result "1-0"]
[WhiteElo "1987"]
[BlackElo "2055"]
[PlyCount "111"]
[EventDate "2011.??.??"]
[EventType "tourn (rapid)"]
[EventRounds "6"]
[SourceTitle "Corr 2013"]
[Source "ChessBase"]
[SourceDate "2012.11.12"]
[SourceVersion "1"]
[SourceVersionDate "2012.11.12"]
[SourceQuality "1"]

1. d4 Nf6 2. c4 e6 3. Nf3 Bb4+ 4. Bd2 Bxd2+ 5. Qxd2 0-0 6. Nc3 d6 7. g3 b6 8. Bg2 Bb7 9. 0-0 Nbd7 10. Qc2 Qe7 11. e4 e5 12. Nd5 Nxd5 13. cxd5 Rac8 14. dxe5 Nxe5 15. Nd4 Qd7 16. f4 c5 17. Ne6 fxe6 18. Bh3 Qe7 19. fxe5 exd5 20. Bxc8 Rxc8 21. exd5 Qxe5 22. Rad1 Bxd5 23. Rfe1 Qh5 24. Qd3 Bxa2 25. Qxd6 Kh8 26. Re5 Qf3 27. Rd3 Qa8 28. Qd7 Bb1 29. Rd6 Rg8 30. Rde6 Qf3 31. Re8 Bg6 32. Rxg8+ Kxg8 33. Qd5+ Qxd5 34. Rxd5 Be8 35. Rd8 Kf7 36. Ra8 a5 37. Ra7+ Kf8 38. Ra6 b5 39. Rxa5 Bd7 40. Kf2 Ke7 41. Ra6 Kd8 42. Ra8+ Ke7 43. Ke3 Kf6 44. Kf4 b4 45. Rf8+ Ke6 46. Rf5 c4 47. Rc5 c3 48. bxc3 bxc3 49. Rxc3 Kf6 50. Rc5 Kf7 51. Rc7 Ke6 52. Ra7 Kd6 53. Kg5 Ke7 54. h4 Ke6 55. h5 h6+ 56. Kg6 1-0

[Event "FICGS class A 000102 email"]
[Site "FICGS email"]
[Date "2011.08.08"]
[Round "1"]
[White "Panov, Dmitry"]
[Black "Mamrukov, Dmitri"]
[Result "1/2-1/2"]
[WhiteElo "2055"]
[BlackElo "2167"]
[PlyCount "122"]
[EventDate "2011.??.??"]
[EventType "tourn (corr)"]
[EventRounds "6"]
[SourceTitle "Corr 2013"]
[Source "ChessBase"]
[SourceDate "2012.11.12"]
[SourceVersion "1"]
[SourceVersionDate "2012.11.12"]
[SourceQuality "1"]

1. e4 c6 2. d4 d5 3. exd5 cxd5 4. c4 Nf6 5. Nc3 e6 6. Nf3 Be7 7. cxd5 Nxd5 8. Bd3 Nc6 9. 0-0 0-0 10. Re1 Bf6 11. Be4 Nce7 12. Ne5 Bd7 13. Qd3 h6 14. Ng4 Bc6 15. Bd2 Rc8 16. Rad1 Bg5 17. Bxg5 hxg5 18. Ne5 Nf4 19. Nxc6 Nxd3 20. Nxd8 Nxb2 21. Rb1 Rfxd8 22. Ne2 Nc4 23. Rxb7 Nd6 24. Rxe7 Nxe4 25. Rxa7 Rc2 26. f3 Nf6 27. Ng3 Rxd4 28. Re2 Rc1+ 29. Kf2 g4 30. Ne4 Nxe4+ 31. fxe4 Rcc4 32. e5 g5 33. Ra3 Kg7 34. Kg3 Kg6 35. Rf2 Ra4 36. Re3 Rf4 37. Rfe2 Kh5 38. Rb3 Rfe4 39. Rxe4 Rxe4 40. Rb7 Kg6 41. Rb5 Ra4 42. Rb2 Ra5 43. Kxg4 Rxe5 44. Kf3 Ra5 45. Re2 Ra3+ 46. Kf2 g4 47. Ke1 Kf6 48. Kd1 e5 49. Kc1 Ke6 50. Kb2 Ra5 51. g3 f5 52. Kc3 Kd5 53. Rb2 Ke4 54. Kd2 f4 55. gxf4 exf4 56. Ke2 Kf5 57. Kf1 Kg5 58. Kg1 Kh4 59. Rb4 f3 60. Rb8 Rxa2 61. Rh8+ Kg5 1/2-1/2

[Event "FICGS class B 000147 email"]
[Site "FICGS email"]
[Date "2011.06.01"]
[Round "1"]
[White "Panov, Dmitry"]
[Black "Kuster, Zeljko"]
[Result "1/2-1/2"]
[WhiteElo "1992"]
[BlackElo "2000"]
[PlyCount "59"]
[EventDate "2011.??.??"]
[EventType "tourn (corr)"]
[EventRounds "5"]
[SourceTitle "Corr 2013"]
[Source "ChessBase"]
[SourceDate "2012.11.12"]
[SourceVersion "1"]
[SourceVersionDate "2012.11.12"]
[SourceQuality "1"]

1. e4 c5 2. c3 Nf6 3. e5 Nd5 4. d4 cxd4 5. cxd4 d6 6. Nf3 Nc6 7. Bc4 e6 8. 0-0 Be7 9. Qe2 0-0 10. Nc3 Nxc3 11. bxc3 dxe5 12. dxe5 Qa5 13. Qe4 Rd8 14. Bg5 h6 15. Bxe7 Nxe7 16. Rfd1 Bd7 17. Qxb7 Nd5 18. Rac1 Rac8 19. Bf1 Rc7 20. Qb2 Nxc3 21. Rd6 Na4 22. Qa3 Rxc1 23. Qxc1 Rc8 24. Qd2 Qxd2 25. Nxd2 Nb6 26. f4 Kf8 27. Nc4 Bb5 28. Rxb6 Bxc4 29. Rb7 Bxa2 30. Rxa7 1/2-1/2

[Event "FICGS class B 000147 email"]
[Site "FICGS email"]
[Date "2011.06.01"]
[Round "1"]
[White "Velasco, Josep"]
[Black "Panov, Dmitry"]
[Result "1/2-1/2"]
[WhiteElo "1903"]
[BlackElo "1992"]
[PlyCount "49"]
[EventDate "2011.??.??"]
[EventType "tourn (corr)"]
[EventRounds "5"]
[SourceTitle "Corr 2013"]
[Source "ChessBase"]
[SourceDate "2012.11.12"]
[SourceVersion "1"]
[SourceVersionDate "2012.11.12"]
[SourceQuality "1"]

1. e4 e5 2. Nf3 Nc6 3. Bb5 a6 4. Ba4 Nf6 5. d4 exd4 6. 0-0 Be7 7. Re1 b5 8. Bb3 d6 9. Bd5 Nxd5 10. exd5 Ne5 11. Nxd4 0-0 12. Nc3 Bg4 13. f3 Bd7 14. f4 Nc4 15. Nc6 Bxc6 16. dxc6 d5 17. Nxd5 Bc5+ 18. Kh1 Re8 19. Rxe8+ Qxe8 20. b3 Nd6 21. Nxc7 Ne4 22. Qf3 Qxc6 23. Nxa8 Nf2+ 24. Kg1 Ng4+ 25. Kh1 1/2-1/2

[Event "FICGS rapid A 000105 email"]
[Site "FICGS email"]
[Date "2011.05.25"]
[Round "1"]
[White "Panov, Dmitry"]
[Black "Magitz, Aaral"]
[Result "0-1"]
[WhiteElo "1992"]
[BlackElo "1979"]
[PlyCount "30"]
[EventDate "2011.??.??"]
[EventType "tourn (rapid)"]
[EventRounds "6"]
[SourceTitle "Corr 2013"]
[Source "ChessBase"]
[SourceDate "2012.11.12"]
[SourceVersion "1"]
[SourceVersionDate "2012.11.12"]
[SourceQuality "1"]

1. e4 e6 2. d4 d5 3. e5 c5 4. c3 Nc6 5. Nf3 Qb6 6. a3 c4 7. Nbd2 Na5 8. Qc2 Be7 9. Rb1 Bd7 10. Be2 Nh6 11. Nf1 Nf5 12. Ng3 Nxg3 13. hxg3 Nb3 14. Bg5 Bxg5 15. Nxg5 h6 0-1

[Event "FICGS class B 000146 email"]
[Site "FICGS email"]
[Date "2011.05.16"]
[Round "1"]
[White "Ponce, Trond Magne"]
[Black "Panov, Dmitry"]
[Result "0-1"]
[WhiteElo "2000"]
[BlackElo "1992"]
[PlyCount "40"]
[EventDate "2011.??.??"]
[EventType "tourn (corr)"]
[EventRounds "5"]
[SourceTitle "Corr 2013"]
[Source "ChessBase"]
[SourceDate "2012.11.12"]
[SourceVersion "1"]
[SourceVersionDate "2012.11.12"]
[SourceQuality "1"]

1. e4 e5 2. Nf3 Nc6 3. Nc3 Nf6 4. d4 exd4 5. Nxd4 Bb4 6. Nxc6 bxc6 7. Bd3 d5 8. exd5 cxd5 9. 0-0 0-0 10. Bg5 c6 11. Qf3 Be7 12. Rfe1 Re8 13. h3 Be6 14. Rab1 h6 15. Bxh6 gxh6 16. Rxe6 fxe6 17. Qg3+ Kh8 18. Qf4 Bf8 19. Bg6 e5 20. Qf5 Kg7 0-1

[Event "FICGS class B 000145 email"]
[Site "FICGS email"]
[Date "2011.04.29"]
[Round "1"]
[White "Panov, Dmitry"]
[Black "Rakotomaniraka, Sandro"]
[Result "1-0"]
[WhiteElo "1858"]
[BlackElo "1800"]
[PlyCount "43"]
[EventDate "2011.??.??"]
[EventType "tourn (corr)"]
[EventRounds "5"]
[SourceTitle "Corr 2013"]
[Source "ChessBase"]
[SourceDate "2012.11.12"]
[SourceVersion "1"]
[SourceVersionDate "2012.11.12"]
[SourceQuality "1"]

1. e4 e5 2. Nf3 Nf6 3. Nc3 Bb4 4. Nxe5 0-0 5. Be2 Nc6 6. Nxc6 Qe7 7. Nxe7+ Kh8 8. Nxc8 Raxc8 9. e5 d5 10. exf6 gxf6 11. Nxd5 Rfd8 12. Nxb4 Rd4 13. c3 f5 14. cxd4 f4 15. Qa4 c6 16. Qxa7 Rc7 17. Qb8+ Kg7 18. Qxc7 f3 19. gxf3 h5 20. Rg1+ Kh7 21. Qxf7+ Kh6 22. Qg7# 1-0

[Event "FICGS rapid B 000180 email"]
[Site "FICGS email"]
[Date "2011.04.17"]
[Round "1"]
[White "Larsky, Mihail"]
[Black "Panov, Dmitry"]
[Result "1/2-1/2"]
[WhiteElo "1800"]
[BlackElo "1858"]
[PlyCount "67"]
[EventDate "2011.??.??"]
[EventType "tourn (rapid)"]
[EventRounds "5"]
[SourceTitle "Corr 2013"]
[Source "ChessBase"]
[SourceDate "2012.11.12"]
[SourceVersion "1"]
[SourceVersionDate "2012.11.12"]
[SourceQuality "1"]

1. e4 e5 2. Nf3 Nc6 3. Bb5 a6 4. Ba4 Nf6 5. 0-0 Be7 6. Re1 b5 7. Bb3 d6 8. c3 0-0 9. h3 Na5 10. Bc2 c5 11. d4 Qc7 12. Nbd2 cxd4 13. cxd4 Nc6 14. Nb3 a5 15. Be3 a4 16. Nbd2 Bd7 17. Rc1 Qb7 18. Bb1 Rfc8 19. Qe2 Rc7 20. a3 Rac8 21. Rcd1 h6 22. Nf1 Bf8 23. Ng3 Re8 24. Rc1 Na5 25. Rxc7 Qxc7 26. Ba2 Qb7 27. Bd2 Nc4 28. Bc3 Nd5 29. Bxc4 bxc4 30. exd5 exd4 31. Qxc4 dxc3 32. Rxe8 cxb2 33. Rxf8+ Kxf8 34. Nd2 1/2-1/2

[Event "FICGS class B 000144 email"]
[Site "FICGS email"]
[Date "2011.04.13"]
[Round "1"]
[White "Lemstra, Bart"]
[Black "Panov, Dmitry"]
[Result "0-1"]
[WhiteElo "1800"]
[BlackElo "1858"]
[PlyCount "38"]
[EventDate "2011.??.??"]
[EventType "tourn (corr)"]
[EventRounds "6"]
[SourceTitle "Corr 2013"]
[Source "ChessBase"]
[SourceDate "2012.11.12"]
[SourceVersion "1"]
[SourceVersionDate "2012.11.12"]
[SourceQuality "1"]

1. d4 Nf6 2. c4 e6 3. Nc3 Bb4 4. Qc2 0-0 5. a3 Bxc3+ 6. Qxc3 b6 7. Bg5 Bb7 8. e3 d6 9. Ne2 Nbd7 10. Qd3 Qe7 11. Nc3 h6 12. Bh4 c5 13. f3 Rac8 14. Rd1 d5 15. cxd5 Bxd5 16. Nxd5 exd5 17. Be2 c4 18. Qc3 Rc6 19. 0-0 Re8 0-1

[Event "FICGS class B 000144 email"]
[Site "FICGS email"]
[Date "2011.04.13"]
[Round "1"]
[White "Magitz, Aaral"]
[Black "Panov, Dmitry"]
[Result "0-1"]
[WhiteElo "2000"]
[BlackElo "1858"]
[PlyCount "62"]
[EventDate "2011.??.??"]
[EventType "tourn (corr)"]
[EventRounds "6"]
[SourceTitle "Corr 2013"]
[Source "ChessBase"]
[SourceDate "2012.11.12"]
[SourceVersion "1"]
[SourceVersionDate "2012.11.12"]
[SourceQuality "1"]

1. e4 e5 2. Nf3 Nc6 3. d4 exd4 4. Nxd4 Bc5 5. Be3 Qf6 6. c3 Nge7 7. Bc4 Ne5 8. Be2 Qg6 9. 0-0 d6 10. f3 0-0 11. Nd2 d5 12. a4 a6 13. Bf4 Bd6 14. Bg3 N5c6 15. Nxc6 bxc6 16. Bxd6 Qxd6 17. Qc2 Ng6 18. g3 Ne5 19. Rf2 Re8 20. f4 Ng4 21. e5 Qe7 22. Bxg4 Bxg4 23. Re1 Rab8 24. Nb3 g6 25. Nd4 Bd7 26. b4 c5 27. bxc5 Qxc5 28. f5 gxf5 29. Kh1 Qb6 30. Qa2 Bc8 31. Kg1 c5 0-1

[Event "FICGS class B 000144 email"]
[Site "FICGS email"]
[Date "2011.04.13"]
[Round "1"]
[White "Panov, Dmitry"]
[Black "Wolf, Bernd"]
[Result "1/2-1/2"]
[WhiteElo "1858"]
[BlackElo "1931"]
[PlyCount "67"]
[EventDate "2011.??.??"]
[EventType "tourn (corr)"]
[EventRounds "6"]
[SourceTitle "Corr 2013"]
[Source "ChessBase"]
[SourceDate "2012.11.12"]
[SourceVersion "1"]
[SourceVersionDate "2012.11.12"]
[SourceQuality "1"]

1. e4 c5 2. c3 Nf6 3. e5 Nd5 4. d4 cxd4 5. cxd4 d6 6. Nf3 Nc6 7. Bc4 Nb6 8. Bb5 dxe5 9. Nxe5 Bd7 10. Nxd7 Qxd7 11. 0-0 e6 12. Nc3 Rd8 13. Be3 Be7 14. Qb3 0-0 15. Rfd1 Nd5 16. Rac1 Nxe3 17. fxe3 a6 18. Bxc6 Qxc6 19. Na4 Qe4 20. Qd3 Qh4 21. Nc5 Bd6 22. g3 Qe7 23. Ne4 e5 24. d5 f5 25. Nxd6 Rxd6 26. e4 fxe4 27. Qxe4 Qf7 28. Rc2 Rf6 29. h4 Rf1+ 30. Rxf1 Qxf1+ 31. Kh2 Rf2+ 32. Rxf2 Qxf2+ 33. Kh3 h5 34. Qxe5 1/2-1/2

[Event "FICGS class B 000143 email"]
[Site "FICGS email"]
[Date "2011.04.02"]
[Round "1"]
[White "Panov, Dmitry"]
[Black "Sanchez, Carlos Alberto"]
[Result "1/2-1/2"]
[WhiteElo "1858"]
[BlackElo "2000"]
[PlyCount "56"]
[EventDate "2011.??.??"]
[EventType "tourn (corr)"]
[EventRounds "5"]
[SourceTitle "Corr 2013"]
[Source "ChessBase"]
[SourceDate "2012.11.12"]
[SourceVersion "1"]
[SourceVersionDate "2012.11.12"]
[SourceQuality "1"]

1. e4 e6 2. d4 d5 3. e5 Ne7 4. c3 c5 5. Nf3 Nbc6 6. Bd3 cxd4 7. cxd4 Nf5 8. Bxf5 exf5 9. Nc3 h6 10. Qb3 g5 11. 0-0 g4 12. Nxd5 Be6 13. Nf6+ Qxf6 14. Qxb7 Qd8 15. Qxc6+ Bd7 16. Qd5 gxf3 17. Qxf3 Rg8 18. d5 Rc8 19. Be3 Qh4 20. Rfc1 Qe4 21. Qxe4 fxe4 22. Rxc8+ Bxc8 23. Bxa7 Bb7 24. d6 Kd7 25. Rc1 Ke6 26. Rc7 e3 27. Bxe3 Bxg2 28. f4 f6 1/2-1/2

[Event "FICGS W-ch st1 g05 email"]
[Site "FICGS email"]
[Date "2011.04.01"]
[Round "1"]
[White "Nenciulescu, Silviu Catalin"]
[Black "Panov, Dmitry"]
[Result "1-0"]
[WhiteElo "1995"]
[BlackElo "1858"]
[PlyCount "69"]
[EventDate "2011.??.??"]
[EventType "tourn (corr)"]
[EventRounds "8"]
[SourceTitle "Corr 2013"]
[Source "ChessBase"]
[SourceDate "2012.11.12"]
[SourceVersion "1"]
[SourceVersionDate "2012.11.12"]
[SourceQuality "1"]

1. d4 Nf6 2. c4 e6 3. Nf3 Bb4+ 4. Bd2 Bxd2+ 5. Qxd2 0-0 6. Nc3 d6 7. g3 Qe7 8. Bg2 e5 9. 0-0 Re8 10. e4 Bg4 11. Ne1 exd4 12. Qxd4 Nc6 13. Qd2 h5 14. Nd5 Qd8 15. f3 Bd7 16. Qc3 Ne5 17. Nf4 h4 18. Rd1 a5 19. Ned3 hxg3 20. hxg3 b5 21. cxb5 Bxb5 22. Nxe5 Rxe5 23. Rf2 Qb8 24. Rc2 Rc5 25. Qd2 Rxc2 26. Qxc2 Ra6 27. Bf1 Rb6 28. Bxb5 Rxb5 29. Nd3 Nd7 30. b3 Nc5 31. Kg2 Nxd3 32. Rxd3 a4 33. Rc3 axb3 34. Rxb3 Rxb3 35. axb3 1-0

[Event "FICGS W-ch st1 g05 email"]
[Site "FICGS email"]
[Date "2011.04.01"]
[Round "1"]
[White "Panov, Dmitry"]
[Black "Roe, Philip Lawrence"]
[Result "1-0"]
[WhiteElo "1858"]
[BlackElo "1804"]
[PlyCount "67"]
[EventDate "2011.??.??"]
[EventType "tourn (corr)"]
[EventRounds "8"]
[SourceTitle "Corr 2013"]
[Source "ChessBase"]
[SourceDate "2012.11.12"]
[SourceVersion "1"]
[SourceVersionDate "2012.11.12"]
[SourceQuality "1"]

1. e4 c6 2. d4 d5 3. exd5 cxd5 4. c4 g6 5. Nc3 Nf6 6. Qb3 Bg7 7. cxd5 0-0 8. Be2 Na6 9. Bf4 Qb6 10. Qxb6 axb6 11. d6 exd6 12. Nf3 d5 13. 0-0 Bf5 14. h3 Rac8 15. Rac1 Nc7 16. Rfe1 Rfe8 17. Be5 Nd7 18. Bxg7 Kxg7 19. g4 Be6 20. Nb5 Nxb5 21. Bxb5 Rxc1 22. Rxc1 Rb8 23. Rc7 Nf8 24. Kg2 h6 25. Ne5 g5 26. Bd3 Ra8 27. a3 Ra4 28. Nf3 Ra7 29. Bf5 Kf6 30. Ne5 Ra4 31. Bxe6 Kxe6 32. Nxf7 Ng6 33. Rxb7 Rxd4 34. Nd8+ 1-0

[Event "FICGS W-ch st1 g05 email"]
[Site "FICGS email"]
[Date "2011.04.01"]
[Round "1"]
[White "Panov, Dmitry"]
[Black "Tanda, Giovanni"]
[Result "0-1"]
[WhiteElo "1858"]
[BlackElo "2035"]
[PlyCount "66"]
[EventDate "2011.??.??"]
[EventType "tourn (corr)"]
[EventRounds "8"]
[SourceTitle "Corr 2013"]
[Source "ChessBase"]
[SourceDate "2012.11.12"]
[SourceVersion "1"]
[SourceVersionDate "2012.11.12"]
[SourceQuality "1"]

1. e4 c6 2. d4 d5 3. exd5 cxd5 4. c4 Nf6 5. Nc3 e6 6. Nf3 Bb4 7. cxd5 exd5 8. Bb5+ Bd7 9. Qe2+ Qe7 10. Qxe7+ Kxe7 11. Bd3 Re8 12. 0-0 Nc6 13. Bg5 Bxc3 14. bxc3 h6 15. Bf4 Kf8 16. h3 Rac8 17. Rab1 Na5 18. Rfc1 Kg8 19. Ne5 Be6 20. f3 Nd7 21. Ng4 a6 22. Ne3 Nf6 23. Be5 Nd7 24. Bg3 Nf6 25. Be5 Nd7 26. Bd6 g6 27. a4 f5 28. Kf2 Kg7 29. g4 fxg4 30. hxg4 Bf7 31. Rc2 Kh7 32. Rh1 Kg7 33. Bb4 Nc6 0-1

[Event "FICGS class B 000142 email"]
[Site "FICGS email"]
[Date "2011.03.27"]
[Round "1"]
[White "Friend, Reuben"]
[Black "Panov, Dmitry"]
[Result "0-1"]
[WhiteElo "1931"]
[BlackElo "1858"]
[PlyCount "52"]
[EventDate "2011.??.??"]
[EventType "tourn (corr)"]
[EventRounds "6"]
[SourceTitle "Corr 2013"]
[Source "ChessBase"]
[SourceDate "2012.11.12"]
[SourceVersion "1"]
[SourceVersionDate "2012.11.12"]
[SourceQuality "1"]

1. d4 Nf6 2. Nf3 e6 3. c4 Bb4+ 4. Nbd2 0-0 5. e3 b6 6. Bd3 Bb7 7. 0-0 d5 8. a3 Be7 9. cxd5 Qxd5 10. b4 c5 11. e4 Qd7 12. e5 Nd5 13. Ne4 cxb4 14. Nfg5 g6 15. Qg4 h5 16. Qg3 Nc6 17. Nf3 bxa3 18. Nd6 Bxd6 19. exd6 Ndb4 20. Ne5 h4 21. Qe3 Nxe5 22. dxe5 a2 23. Be4 a5 24. Qf4 Bxe4 25. Qxe4 h3 26. Qh4 Qb5 0-1

[Event "FICGS class B 000142 email"]
[Site "FICGS email"]
[Date "2011.03.27"]
[Round "1"]
[White "Panov, Dmitry"]
[Black "Romig, James"]
[Result "1/2-1/2"]
[WhiteElo "1858"]
[BlackElo "1800"]
[PlyCount "124"]
[EventDate "2011.??.??"]
[EventType "tourn (corr)"]
[EventRounds "6"]
[SourceTitle "Corr 2013"]
[Source "ChessBase"]
[SourceDate "2012.11.12"]
[SourceVersion "1"]
[SourceVersionDate "2012.11.12"]
[SourceQuality "1"]

1. e4 e5 2. Nf3 Nc6 3. Bc4 Nf6 4. d3 h6 5. 0-0 Bc5 6. c3 d6 7. b4 Bb6 8. a4 a6 9. Nbd2 0-0 10. a5 Ba7 11. h3 Re8 12. Re1 Nh5 13. Nf1 Qf6 14. Ra2 Be6 15. Bxe6 Qxe6 16. Rb2 Nf6 17. c4 Bd4 18. Nxd4 exd4 19. Qe2 Qd7 20. Qd2 Qe7 21. Ng3 d5 22. Nf5 Qe6 23. b5 axb5 24. Nxg7 Kxg7 25. Qxh6+ Kg8 26. Qg5+ Kh8 27. cxd5 Nxd5 28. Qh5+ Kg7 29. Rxb5 Ncb4 30. Bb2 Qg6 31. Bxd4+ f6 32. Rxd5 Qxh5 33. Rxh5 Nc2 34. Rc1 Nxd4 35. Rxc7+ Kg8 36. Rxb7 Ne2+ 37. Kh2 Nf4 38. Rhh7 Rxa5 39. Rbg7+ Kf8 40. Rd7 Kg8 41. Rhg7+ Kh8 42. Rgf7 Ra3 43. d4 Ra2 44. Rh7+ Kg8 45. Rdg7+ Kf8 46. Rf7+ Kg8 47. Rhg7+ Kh8 48. Rg4 Rxf2 49. Rxf6 Rxg2+ 50. Rxg2 Nxg2 51. Kxg2 Rxe4 52. Rd6 Kg7 53. Kf3 Rh4 54. Kg3 Re4 55. h4 Kf7 56. d5 Re5 57. Kf4 Rh5 58. Kg4 Re5 59. Rd7+ Ke8 60. Rg7 Rxd5 61. h5 Rc5 62. h6 Kf8 1/2-1/2

[Event "FICGS rapid B 000178 email"]
[Site "FICGS email"]
[Date "2011.03.08"]
[Round "1"]
[White "Panov, Dmitry"]
[Black "Sternik, Ryszard"]
[Result "1/2-1/2"]
[WhiteElo "1858"]
[BlackElo "1798"]
[PlyCount "45"]
[EventDate "2011.??.??"]
[EventType "tourn (rapid)"]
[EventRounds "6"]
[SourceTitle "Corr 2013"]
[Source "ChessBase"]
[SourceDate "2012.11.12"]
[SourceVersion "1"]
[SourceVersionDate "2012.11.12"]
[SourceQuality "1"]

1. e4 e5 2. Nf3 Nc6 3. Bc4 Bc5 4. c3 Nf6 5. d4 exd4 6. cxd4 Bb4+ 7. Nc3 Nxe4 8. 0-0 Bxc3 9. d5 Bf6 10. Re1 Ne7 11. Rxe4 d6 12. Bg5 Bxg5 13. Nxg5 0-0 14. Nxh7 Kxh7 15. Qh5+ Kg8 16. Rh4 f5 17. Qh7+ Kf7 18. Rh6 Rg8 19. Re1 Qf8 20. Bb5 a6 21. Ree6 axb5 22. Rhf6+ Ke8 23. Rxf8+ 1/2-1/2

[Event "FICGS class C 000170 email"]
[Site "FICGS email"]
[Date "2011.03.02"]
[Round "1"]
[White "Panov, Dmitry"]
[Black "Denchev, Stanimir"]
[Result "1-0"]
[WhiteElo "1858"]
[BlackElo "1713"]
[PlyCount "65"]
[EventDate "2011.??.??"]
[EventType "tourn (corr)"]
[EventRounds "4"]
[SourceTitle "Corr 2013"]
[Source "ChessBase"]
[SourceDate "2012.11.12"]
[SourceVersion "1"]
[SourceVersionDate "2012.11.12"]
[SourceQuality "1"]

1. e4 e5 2. Nf3 Nc6 3. Bc4 Bc5 4. c3 Nf6 5. d4 exd4 6. cxd4 Bb4+ 7. Nc3 0-0 8. Bg5 h6 9. Bxf6 Qxf6 10. 0-0 d6 11. Nd5 Qd8 12. Nxb4 Nxb4 13. h3 Qe7 14. Re1 Nc6 15. Rc1 Bd7 16. Bd3 Nb4 17. Bb1 Rad8 18. Rxc7 Rb8 19. Qb3 Qd8 20. Rxd7 Qxd7 21. Qxb4 Rfe8 22. Bd3 a6 23. Bc4 Rbc8 24. Bd5 Rc7 25. Nh4 Rec8 26. Nf5 Rd8 27. Re3 Kh7 28. Rf3 Qb5 29. Qd2 g5 30. Nxh6 Kxh6 31. Rf6+ Kg7 32. Qxg5+ Kf8 33. Rh6 1-0

[Event "FICGS class C 000170 email"]
[Site "FICGS email"]
[Date "2011.03.02"]
[Round "1"]
[White "Panov, Dmitry"]
[Black "Lommler, Jan Peter"]
[Result "1-0"]
[WhiteElo "1858"]
[BlackElo "1682"]
[PlyCount "55"]
[EventDate "2011.??.??"]
[EventType "tourn (corr)"]
[EventRounds "4"]
[SourceTitle "Corr 2013"]
[Source "ChessBase"]
[SourceDate "2012.11.12"]
[SourceVersion "1"]
[SourceVersionDate "2012.11.12"]
[SourceQuality "1"]

1. e4 c5 2. c3 d5 3. exd5 Qxd5 4. d4 Nf6 5. Nf3 e6 6. Be2 Be7 7. 0-0 0-0 8. c4 Qd8 9. Nc3 cxd4 10. Nxd4 e5 11. Ndb5 Nc6 12. Be3 Be6 13. Qxd8 Raxd8 14. Bxa7 Rd2 15. b3 Nxa7 16. Nxa7 Rfd8 17. Bf3 Bg4 18. Nab5 Bxf3 19. gxf3 Bc5 20. Rae1 Bxf2+ 21. Rxf2 R2d3 22. Rxe5 Kf8 23. Kg2 g6 24. Rfe2 Rd2 25. Kf2 R2d7 26. c5 h5 27. Na4 Nd5 28. Nd6 1-0